000 00280nam a2200109Ia 4500
005 20251222114340.0
008 251222s1900||||xx |||||||||||||| ||spa||
082 _aDVD0080/C36/2007
245 0 _aBeyond the gates.
264 _bCross Pippa. Meurer Jens. Belton David.
942 _cDVD
999 _c830
_d830